|
|
|
|
| LEADER |
02364nam a2200601 a 4500 |
| 001 |
nkc20061649301 |
| 003 |
CZ PrNK |
| 005 |
20210313174433.0 |
| 007 |
ta |
| 008 |
060330s2005 xr f 000 0 eng |
| 015 |
|
|
|a cnb001649301
|
| 020 |
|
|
|a 80-7325-078-0
|q (brož.)
|
| 035 |
|
|
|a (OCoLC)70682293
|
| 040 |
|
|
|a BOA001
|b cze
|d ABA001
|
| 043 |
|
|
|a e------
|
| 045 |
|
|
|a y0y0
|
| 072 |
|
7 |
|a 329
|x Politické strany a hnutí
|2 Konspekt
|9 15
|
| 080 |
|
|
|a 329.14
|2 MRF
|
| 080 |
|
|
|a 329.15
|2 MRF
|
| 080 |
|
|
|a 316.323.7:316.42
|2 MRF
|
| 080 |
|
|
|a (4)
|2 MRF
|
| 080 |
|
|
|a (4-191.2)+(4-11)
|2 MRF
|
| 080 |
|
|
|a (048.8)
|2 MRF
|
| 080 |
|
|
|a (062.552)
|2 MRF
|
| 245 |
0 |
0 |
|a Trajectories of the left :
|b social democratic and (ex-)communist parties in contemporary Europe: between past and future /
|c edited by Lubomír Kopeček
|
| 250 |
|
|
|a 1st ed.
|
| 260 |
|
|
|a Brno :
|b CDK (Democracy and Culture Studies Centre),
|c 2005
|
| 300 |
|
|
|a 179 s. ;
|c 21 cm
|
| 490 |
1 |
|
|a Comparative political science ;
|v vol. no. 3
|
| 500 |
|
|
|a Na obálce pod názvem: ISPO
|
| 504 |
|
|
|a Obsahuje bibliografie a bibliografické odkazy
|
| 648 |
|
7 |
|a 21. století
|7 ch460559
|2 czenas
|
| 650 |
0 |
7 |
|a sociální demokracie
|7 ph125778
|z Evropa
|y 21. století
|2 czenas
|
| 650 |
0 |
7 |
|a socialistické strany
|7 ph125743
|z Evropa
|y 21. století
|2 czenas
|
| 650 |
0 |
7 |
|a komunistické strany
|7 ph121771
|z Evropa
|y 21. století
|2 czenas
|
| 650 |
0 |
7 |
|a postkomunismus
|7 ph124401
|z Evropa střední a východní
|2 czenas
|
| 650 |
0 |
9 |
|a social democracy
|z Europe
|y 21st century
|2 eczenas
|
| 650 |
0 |
9 |
|a socialist parties
|z Europe
|y 21st century
|2 eczenas
|
| 650 |
0 |
9 |
|a communist parties
|z Europe
|y 21st century
|2 eczenas
|
| 650 |
0 |
9 |
|a post-communism
|z Europe, Eastern and Central
|2 eczenas
|
| 655 |
|
7 |
|a studie
|7 fd133597
|2 czenas
|
| 655 |
|
7 |
|a sborníky
|7 fd724344
|2 czenas
|
| 655 |
|
9 |
|a studies
|2 eczenas
|
| 655 |
|
9 |
|a papers
|2 eczenas
|
| 700 |
1 |
|
|a Kopeček, Lubomír,
|d 1975-
|7 js20020122021
|4 edt
|
| 710 |
2 |
|
|a Masarykova univerzita.
|b Institut pro srovnávací politologický výzkum
|7 mzk2006318288
|
| 830 |
|
0 |
|a Comparative political science
|0 s
|
| 910 |
2 |
|
|a BOA001
|b 2-1166.833
|
| 928 |
9 |
|
|a Centrum pro studium demokracie a kultury (CDK)
|
| 990 |
|
|
|a BK
|
| 995 |
|
|
|a 01
|
| 991 |
|
|
|b 200604
|c NOV
|
| 996 |
6 |
|
|b 2610276914
|c 2-1166.833
|l MZK
|r Sklad / do 1 hodiny
|n 1
|p p.v.
|w 000813028
|u 000010
|a 1
|e BOA001
|j MZK50
|s P
|